<?xml version="1.0" encoding="UTF-8"?>
<record
    xmlns:xsi="http://www.w3.org/2001/XMLSchema-instance"
    xsi:schemaLocation="http://www.loc.gov/MARC21/slim http://www.loc.gov/standards/marcxml/schema/MARC21slim.xsd"
    xmlns="http://www.loc.gov/MARC21/slim">

  <leader>01055nam a2200205Ia 4500</leader>
  <datafield tag="952" ind1=" " ind2=" ">
    <subfield code="0">0</subfield>
    <subfield code="1">0</subfield>
    <subfield code="2">lcc</subfield>
    <subfield code="4">0</subfield>
    <subfield code="7">0</subfield>
    <subfield code="a">01</subfield>
    <subfield code="b">01</subfield>
    <subfield code="d">2022-09-23</subfield>
    <subfield code="l">1</subfield>
    <subfield code="o">BF38  F74 2003</subfield>
    <subfield code="p">16 001951</subfield>
    <subfield code="r">2023-07-12</subfield>
    <subfield code="s">2022-10-04</subfield>
    <subfield code="t">1</subfield>
    <subfield code="w">2022-09-23</subfield>
    <subfield code="y">LB</subfield>
  </datafield>
  <datafield tag="999" ind1=" " ind2=" ">
    <subfield code="c">68887</subfield>
    <subfield code="d">68887</subfield>
  </datafield>
  <controlfield tag="008">191011b2001    mx a|||| |||| 00| 0 spa d</controlfield>
  <datafield tag="020" ind1=" " ind2=" ">
    <subfield code="a">9687903368</subfield>
  </datafield>
  <datafield tag="050" ind1=" " ind2=" ">
    <subfield code="a">BF38 </subfield>
    <subfield code="b">F74 2003</subfield>
  </datafield>
  <datafield tag="100" ind1=" " ind2=" ">
    <subfield code="a">Fregoso Vera, Mar&#xED;a Josefa </subfield>
    <subfield code="e">autor </subfield>
  </datafield>
  <datafield tag="245" ind1=" " ind2=" ">
    <subfield code="a">Psicolog&#xED;a b&#xE1;sica</subfield>
    <subfield code="c">/ Fregoso Vera, Mar&#xED;a Josefa y Mar&#xED;a Aurora, Guti&#xE9;rrez Dom&#xED;nguez</subfield>
  </datafield>
  <datafield tag="260" ind1=" " ind2=" ">
    <subfield code="a">M&#xE9;xico </subfield>
    <subfield code="b">: Edere</subfield>
    <subfield code="c">, 2001 </subfield>
  </datafield>
  <datafield tag="300" ind1=" " ind2=" ">
    <subfield code="a">251 p&#xE1;gina s</subfield>
    <subfield code="b">: tablas </subfield>
  </datafield>
  <datafield tag="500" ind1=" " ind2=" ">
    <subfield code="a">Incluye: Contenido, Introducci&#xF3;n </subfield>
  </datafield>
  <datafield tag="504" ind1=" " ind2=" ">
    <subfield code="a">Bibliograf&#xED;a: (pp.247 - 251)</subfield>
  </datafield>
  <datafield tag="505" ind1=" " ind2=" ">
    <subfield code="a">I. Introducci&#xF3;n a al psicolog&#xED;a  
II. Bases fisiol&#xF3;gicas de la conducta  
III. Sensopercepci&#xF3;n  
IV. Atenci&#xF3;n  
V. Aprendizaje  
VI. Memoria  
VII. Inteligencia, pensamiento y lenguaje  
VIII. Motivaci&#xF3;n y emoci&#xF3;n 
IX. Personalidad  
X. &#xBF;Y nuestra sexualidad?  
XI. Factores sociales y culturales, su participaci&#xF3;n en la conducta individual y de grupo 
</subfield>
  </datafield>
  <datafield tag="519" ind1=" " ind2=" ">
    <subfield code="a">Material Complementario / </subfield>
    <subfield code="d">16 001951</subfield>
  </datafield>
  <datafield tag="650" ind1=" " ind2="0">
    <subfield code="a">PSICOLOG&#xCD;A </subfield>
  </datafield>
  <datafield tag="700" ind1=" " ind2=" ">
    <subfield code="a">Guti&#xE9;rrez Dom&#xED;nguez, Mar&#xED;a Aurora </subfield>
    <subfield code="e">autor </subfield>
  </datafield>
  <datafield tag="942" ind1=" " ind2=" ">
    <subfield code="c">LB</subfield>
    <subfield code="2">lcc</subfield>
  </datafield>
</record>
